| 000 | 00890nac a22002531i 4500 | ||
|---|---|---|---|
| 003 | EG-ScBUE | ||
| 005 | 20260414145329.0 | ||
| 008 | 260414s1997 enka f b 001 0 eng d | ||
| 020 | _a9780521635141 | ||
| 020 | _a0521478154 (pb) | ||
| 040 |
_aEG-ScBUE _beng _erda _cEG-ScBUE _dEG-ScBUE |
||
| 082 | 0 | 4 |
_a574.5028 _bSUT _222 |
| 100 | 1 |
_aSutherland, William J., _eauthor. |
|
| 245 | 1 | 0 |
_aEcological census techniques : _ba handbook / _cWilliam J. Sutherland, University of East Anglia. |
| 264 | 1 |
_aCambridge ; _aNew York : _bCambridge University Press, _c1997. |
|
| 300 |
_axv, 336 pages : _billustrations ; _c25 cm |
||
| 336 |
_2rdacontent _atext _btxt |
||
| 337 |
_aunmediated _2rdamedia _bn |
||
| 338 |
_avolume _bnc _2rdacarrier |
||
| 504 | _aIncludes bibliographical references and index. | ||
| 650 | 0 |
_aEcological survey _xMethodology. _2BUEsh |
|
| 655 | _vReading book | ||
| 942 |
_cBB _2ddc |
||
| 999 |
_c9655 _d9655 |
||